00869nam a2200217 a 4500001001000000003000500010005001700015008004100032010001100073011001100084040000900095100002600104245015700130260004100287500006000328502007700388650003800465650004600503650003200549856007000581000114528CHAP20220329144445.0180212s2017 mx sm |||||||spa d a110989 a111961 cCHAP1 aElias Navarro, Manuel10aEfecto de la fertilización en el limón persa (Citrus latifolia tan.) bajo invernadero en chapingo, Méxicoh[En línea]cpor Manuel Elias Navarro. aChapingo, Méx. :bEl autor,c2017. aPara ver el contenido del material haga clic en la liga aTesis (Ing. Agr. Esp. en Fitotecnia) -- UACH. Departamento de Fitotecnia14aFertilizantesxEfecto en limón.14aLimón persaxCrecimientoxEstimulantes.14aLimón persaxRendimiento. aFinding aiduhttp://10.13.5.2/tesis/sist114528.pdfzTeclea aquí